000 03874cam a2200553Ii 4500
999 _c27519
_d27519
001 9781003151722
003 FlBoTFG
005 20240802123803.0
006 m o d
007 cr cnu|||unuuu
008 210108s2020 dk a obf 001 0 eng d
020 _a9781003151722
_q(electronic bk.)
020 _a1003151728
_q(electronic bk.)
020 _a9788770223034
_q(electronic bk. : PDF)
020 _a8770223033
_q(electronic bk. : PDF)
020 _a9781000354843
_q(electronic bk. : Mobipocket)
020 _a1000354849
_q(electronic bk. : Mobipocket)
020 _z9781466561625
020 _a9781000355956
_q(electronic bk. : EPUB)
020 _a1000355950
_q(electronic bk. : EPUB)
035 _a(OCoLC)1229166095
035 _a(OCoLC-P)1229166095
040 _aOCoLC-P
_beng
_erda
_epn
_cOCoLC-P
050 4 _aTJ163.245
_b.T48 2020eb
072 7 _aBUS
_x093000
_2bisacsh
072 7 _aTEC
_x005050
_2bisacsh
072 7 _aKFFR
_2bicssc
082 0 4 _a658.2/6
_223
100 1 _aThumann, Albert,
_eauthor.
245 1 0 _aHandbook of energy audits /
_cAlbert Thumann, P.E. C.E.M., Terry Niehus, P.E., C.E.M., William J. Younger, P.E., C.E.M..
250 _aNinth edition.
264 1 _aGistrup, Denmark :
_bRiver Publishers ;
_aLondon :
_bRoutledge, Taylor & Francis Group,
_c2020.
300 _a1 online resource (495 pages) :
_billustrations
336 _atext
_btxt
_2rdacontent
337 _acomputer
_bc
_2rdamedia
338 _aonline resource
_bcr
_2rdacarrier
500 _a"First published by Fairmont Press in 2013."
505 0 _aEnergy Auditing Basics. Energy Accounting and Analysis. Understanding the Utility Bill. Energy Economics. Survey Instrumentation. The Building Envelope Audit. The Electrical System Audit. The Heating, Ventilating and Air-Conditioning Audit. Upgrading HVAC Systems for Energy Efficiency. Verification of System Performance. The Physical Plant Audit. Central Plant Retrofit Considerations. Maintenance and Energy Audits. Self-Evaluation Checklists. In Transition from Energy Audits to Industrial Assessments. A Compendium of Handy Working Aids. Energy Audi ling Software Directory. Retro-commissioning. Investment Grade Energy. Audits. Glossary. Index.
520 _aThis best-selling handbook is the most comprehensive and practical reference available on energy auditing in buildings and industry. Topics include energy assessment and computer software which will guide you in planning and carrying out a thorough and accurate energy audit of any type of facility, including electrical, mechanical and building systems analysis. Clear, easy-to-follow instructions guide you through accounting procedures, rate of return and life cycle cost analysis. Also covered is information on understanding your utility bill and using that knowledge to trim your energy costs. Loaded with forms, checklists and handy working aids, book is required reading for anyone responsible for conducting or overseeing a facility energy audit.Completely edited throughout, this latest edition includes a new chapter on investment grade energy audits and also a new chapter on retro-commissioning and energy audits. Revisions include new information on ISO 50001 and the Superior Energy Performance program plus a completely updated chapter on software.
588 _aOCLC-licensed vendor bibliographic record.
650 0 _aEnergy auditing
_vHandbooks, manuals, etc.
650 7 _aBUSINESS & ECONOMICS / Facility Management
_2bisacsh
650 7 _aTECHNOLOGY / Construction / Heating, Ventilation & Air Conditioning
_2bisacsh
700 1 _aNiehus, Terry,
_eauthor.
700 1 _aYounger, William J.,
_eauthor.
856 4 0 _3Taylor & Francis
_uhttps://www.taylorfrancis.com/books/9781003151722
856 4 2 _3OCLC metadata license agreement
_uhttp://www.oclc.org/content/dam/oclc/forms/terms/vbrl-201703.pdf
942 _2ddc
_cEBK